000 00443nam a2200181Ia 4500
003 GCL
008 140319s9999 xx 000 0 eng d
040 _aGCL /
_cGCL
082 0 4 _a953.35
_bS H
100 1 _aSABA
245 1 0 _aHADRAMAWT, LA VALLEE INSPIREE /
_cSABA
260 _a[S.N] :
_bAMYRUS ،
_c1997
300 _a128 P
650 0 4 _aHISTORY
650 0 4 _aYEMEN - HISTORY
650 0 4 _aHADRAMAWT - YEMEN HISTORY
942 _2ddc
_cBK
999 _c16131
_d16131